|
|
|
|
| LEADER |
00622nab a2200169 i 4500 |
| 001 |
misc4277 |
| 005 |
20191106143051.0 |
| 008 |
170607s1926 hu o 0|| hun d |
| 040 |
|
|
|a SZTE Miscellanea Repozitórium
|b hun
|
| 041 |
|
|
|a hun
|
| 100 |
2 |
|
|a Cs. Sommer József
|
| 245 |
1 |
3 |
|a Az új kényszeregyességi rendelet
|h [elektronikus dokumentum] /
|c Cs. Sommer József
|
| 260 |
|
|
|c 1926
|
| 300 |
|
|
|a 223-227a
|
| 490 |
0 |
|
|a Polgári jog : a hazai és külföldi magánjog és hiteljog szemléje
|v 2
|
| 695 |
|
|
|a Hiteljog kényszeregyezség
|
| 856 |
4 |
0 |
|u http://misc.bibl.u-szeged.hu/4277/1/polgari_jog_1926_223-227a.pdf
|z Dokumentum-elérés
|